| 000 | 00753cab a2200217 4500 | ||
|---|---|---|---|
| 001 | ABS44898 | ||
| 008 | 090401t1991 xxu||||| |||| 00| 0 eng d | ||
| 035 | _a(Sirsi) u49781 | ||
| 041 | _aeng | ||
| 110 |
_aCowenH. _92578 |
||
| 245 | _aResidual valuations for asset-based leasing | ||
| 260 | _c1991 | ||
| 350 | _a0 | ||
| 490 |
_aValuer (ISVA) _v60(6) July 1991, 6(1) |
||
| 520 | _aHighlights what to look out for in the preparation of residual forecast s for finance companies for use in asset-based leasing, drawing on the author`s own experience as a plant and machinery valuer for Henry Butcher and Co . | ||
| 650 | _aASSET VALUATION | ||
| 650 | _aRESIDUAL VALUATION | ||
| 690 | _aRATING AND VALUATION | ||
| 942 | _n0 | ||
| 948 | _c04/03/1997 | ||
| 999 |
_c31174 _d31174 |
||